Численное исследование способов уменьшения расходимости пучка убегающих электронов; Журнал технической физики; Т. 86, вып. 8

Bibliografiset tiedot
Parent link:Журнал технической физики.— , 1931-
Т. 86, вып. 8.— 2016.— [С. 26-31]
Päätekijä: Лисенков В. В. Владимир Викторович
Yhteisötekijä: Национальный исследовательский Томский политехнический университет (ТПУ) Институт физики высоких технологий (ИФВТ) Кафедра сильноточной электроники (СЭ)
Muut tekijät: Шкляев В. А. Валерий Александрович
Yhteenveto:Заглавие с экрана
Проведено сравнительное численное исследование двух способов уменьшения расходимости пучка убегающих электронов --- с помощью внешнего магнитного поля и с помощью диэлектрической трубки. Генерация убегающих электронов происходила в неоднородной среде, состоящей из горячего канала (искровой канал, лазерный факел и т. п.), окруженного воздухом при нормальных условиях. В расчетах использовалась модель, которая позволяла производить согласованный расчет формирования субнаносекундного газового разряда и генерации ускоренных электронов в таких условиях. Показана возможность эффективного уменьшения расходимости электронного пучка как с помощью внешнего магнитного поля, так и с помощью диэлектрической трубки. Однако из-за того, что часть убегающих электронов оседает на стенки, их количество в случае с трубкой заметно меньше, чем с магнитным полем. Имеются также существенные различия в энергетическом спектре убегающих электронов в обоих случаях, что объясняется различиями в динамике формирования разряда.
Режим доступа: по договору с организацией-держателем ресурса
Kieli:venäjä
Julkaistu: 2016
Sarja:Теоретическая и математическая физика
Aiheet:
Linkit:http://journals.ioffe.ru/articles/43453
http://elibrary.ru/item.asp?id=27368476
Aineistotyyppi: MixedMaterials Elektroninen Kirjan osa
KOHA link:https://koha.lib.tpu.ru/cgi-bin/koha/opac-detail.pl?biblionumber=652611

MARC

LEADER 00000naa0a2200000 4500
001 652611
005 20250204155903.0
035 |a (RuTPU)RU\TPU\network\17940 
090 |a 652611 
100 |a 20170120d2016 k||y0rusy50 ca 
101 0 |a rus 
102 |a RU 
135 |a drcn ---uucaa 
181 0 |a i  
182 0 |a b 
200 1 |a Численное исследование способов уменьшения расходимости пучка убегающих электронов  |f В. В. Лисенков, В. А. Шкляев 
203 |a Текст  |c электронный 
225 1 |a Теоретическая и математическая физика 
300 |a Заглавие с экрана 
320 |a [Библиогр.: с. 31 (23 назв.)] 
330 |a Проведено сравнительное численное исследование двух способов уменьшения расходимости пучка убегающих электронов --- с помощью внешнего магнитного поля и с помощью диэлектрической трубки. Генерация убегающих электронов происходила в неоднородной среде, состоящей из горячего канала (искровой канал, лазерный факел и т. п.), окруженного воздухом при нормальных условиях. В расчетах использовалась модель, которая позволяла производить согласованный расчет формирования субнаносекундного газового разряда и генерации ускоренных электронов в таких условиях. Показана возможность эффективного уменьшения расходимости электронного пучка как с помощью внешнего магнитного поля, так и с помощью диэлектрической трубки. Однако из-за того, что часть убегающих электронов оседает на стенки, их количество в случае с трубкой заметно меньше, чем с магнитным полем. Имеются также существенные различия в энергетическом спектре убегающих электронов в обоих случаях, что объясняется различиями в динамике формирования разряда. 
333 |a Режим доступа: по договору с организацией-держателем ресурса 
461 |t Журнал технической физики  |d 1931- 
463 |t Т. 86, вып. 8  |v [С. 26-31]  |d 2016 
610 1 |a электронный ресурс 
610 1 |a труды учёных ТПУ 
610 1 |a численные исследования 
610 1 |a убегающие электроны 
700 1 |a Лисенков  |b В. В.  |g Владимир Викторович 
701 1 |a Шкляев  |b В. А.  |c электрофизик  |c инженер Томского политехнического университета  |f 1977-  |g Валерий Александрович  |3 (RuTPU)RU\TPU\pers\35132 
712 0 2 |a Национальный исследовательский Томский политехнический университет (ТПУ)  |b Институт физики высоких технологий (ИФВТ)  |b Кафедра сильноточной электроники (СЭ)  |3 (RuTPU)RU\TPU\col\18691 
801 2 |a RU  |b 63413507  |c 20170120  |g RCR 
856 4 |u http://journals.ioffe.ru/articles/43453 
856 4 |u http://elibrary.ru/item.asp?id=27368476 
942 |c CF